000 00255nam a22001217a 4500
003 SGT
082 _a080
_bH18V
100 _aVEDA, RIG
245 _aHYMNS OF CREATIONS
260 _bTHE SPEAKING TREE COLLECTIONS
_c2018
300 _a221
942 _2ddc
_cBK
999 _c31484
_d31484